|
|
|
|
| LEADER |
00714nab a2200181 i 4500 |
| 001 |
acta27001 |
| 005 |
20210223153646.0 |
| 008 |
161017s1982 hu o 0|| hun d |
| 022 |
|
|
|a 1219-0039
|
| 040 |
|
|
|a SZTE Egyetemi Kiadványok Repozitórium
|b hun
|
| 041 |
|
|
|a hun
|
| 100 |
1 |
|
|a Révész István
|
| 245 |
1 |
2 |
|a A 1-2. osztályos technika tantárgy anyagának lineáris kapcsolata és annak érvényesítése a 3-4. osztályok anyagának tanításában
|h [elektronikus dokumentum] /
|c Révész István
|
| 260 |
|
|
|c 1982
|
| 300 |
|
|
|a 170-173
|
| 490 |
0 |
|
|a Módszertani közlemények
|v 22 No. 3
|
| 695 |
|
|
|a Neveléstudomány
|
| 856 |
4 |
0 |
|u http://acta.bibl.u-szeged.hu/27001/1/modszertani_022_003_170-173.pdf
|z Dokumentum-elérés
|